000
00296nam a22001337a 4500
008
170706b xxu||||| |||| 00| 0 eng d
020
_a
9780030683794
041
_a
eng
080
_2
6 ED
_a
82
100
_a
22
101
_a
GJL
245
_a
ELEMENTS LITERATURE
_c
RINEHART.H
942
_2
udc
_c
BK
999
_c
19938
_d
19938